1578 1599 1752 1990 1467 1329 1807 1179 1802 1190 1309 1817 1705 1142 1936 1806 1408 1319 1310 1665 1851 1104 1544 1301 1573 1674 1805 1979 1365 1181 1642 1815 1391 1210 1442 1478 1869 1950 1866 1760 1742 1320 1925 1057 1419 1591 1226 1110 1539 1319 1195 1273 1379 1476 1473 1683 1669 1762 1302 1884 1057 1783 1880 1901 1214 1400 1017 1473 1896 1641 1184 1583 1328 1447 1164 1351 1804 1505 1027 1102 1626 1651 1175 1039 1072 1439 1004 1109 1368 1962 1887 1754 1448 1374 1666 1717 1980 1935 1490 BCNSPRNW ULIB Ver.6.0+V

เปลี่ยนเป็นภาษาไทย

Change to English
 แสดงรายละเอียดบรรณานุกรม
  กลับหน้าหลัก

Brief Record : Get Marc (ISO 2709) : E-mail record : QR code < ปิดหน้าต่าง
LEADER : 00000nam 2200000uu 4500
001    13399121756
003     ULIB
008    121204s2549||||th 000 0 tha d
020    ^a9746721372
060 04 ^aWR598^bว522ก
245 00 ^aการดูแลผู้ป่วยที่มีแผลกดทับ =^bCare of patients withpressure ulcers /^cบรรณาธิการ, วิจิตร ศรีสุพรรณ ... [และคนอื่นๆ]
246 31 ^aCare of patients with pressure ulcers
250    ^aพิมพ์ครั้งที่ 3
260    ^aเชียงใหม่ :^bโครงการตำรา คณะพยาบาลศาสตร์มหาวิทยาลัยเชียงใหม่,^c2549
300    ^aก-ฎ, 95 หน้า :^bภาพประกอบ ;^c22 ซม.
650  7 ^aแผลกดทับ^xการพยาบาล
650  7 ^aแผลกดทับ^xการรักษา
650  7 ^aผู้ป่วย^xการดูแล
700 0  ^aวิจิตร ศรีสุพรรณ,^eบรรณาธิการ
710 2  ^aมหาวิทยาลัยเชียงใหม่. ^bคณะพยาบาลศาสตร์
945    ^p150^l0^i24848
945    ^p150^l0^i14318
945    ^p150^l0^i15001
995    ^aทศพร
999    ^aทศพร เกษรทอง
รายการนี้ยังไม่มีแท็ก
คุณยังไม่ได้ล็อกอิน คุณสามารถมีกิจกรรมร่วมกับเว็บไซต์ได้ แต่ต้องล็อกอินก่อน ::
  ล็อกอิน

รายการสื่อสารสนเทศ

ลำดับที่ ประเภท เลขเรียก/บาร์โค้ด สถานที่ สถานะ
1. วิทยาศาสตร์การแพทย์ และสุขภาพ
วิทยาศาสตร์การแพทย์ และสุขภาพ
WR598 ว522ก ฉ.1 
  Barcode: 24848
ห้องสมุดวิทยาเขตสวรรค์ประชารักษ์
►หนังสือทั่วไป
บนชั้น
2. วิทยาศาสตร์การแพทย์ และสุขภาพ
วิทยาศาสตร์การแพทย์ และสุขภาพ
WR598 ว522ก ฉ.2 
  Barcode: 14318
ห้องสมุดวิทยาเขตสวรรค์ประชารักษ์
►หนังสือทั่วไป
บนชั้น
3. วิทยาศาสตร์การแพทย์ และสุขภาพ
วิทยาศาสตร์การแพทย์ และสุขภาพ
WR598 ว522ก ฉ.3 
  Barcode: 15001
ห้องสมุดวิทยาเขตสวรรค์ประชารักษ์
►หนังสือทั่วไป
บนชั้น

รายการใกล้เคียง
    หัวเรื่อง [ผู้ป่วย การดูแล]

BibComment


ยังไม่เคยถูกคอมเมนท์

คอมเมนท์ทรัพยากรรายการนี้
  คอมเมนท์: การดูแลผู้ป่วยที..


 Copyright 2026. Bcnsprnw @Library